000 00316nam a22001337a 4500
008 190306b xxu||||| |||| 00| 0 eng d
020 _a9780071624428
041 _aeng
080 _212th
_a615
100 _a5
101 _aSHF
245 _aThe Pharmacological Basis of Therapeutics
_cBrunton, L
942 _2udc
_cBK
999 _c54613
_d54613